[Event "AUTO-OPEN-1845"]
[Site "http://www.queenalice.com/game.php?id=717587"]
[Date "2010.1.21"]
[Round "1"]
[White "OliverMeewes"]
[Black "DORLISS"]
[Result "1-0"]
[WhiteElo "1863"]
[BlackElo "1887"]

1. e4 e5 2. Nf3 Nc6 3. a3 Bc5 4. Bb5 d6 5. d4 exd4 6. Nxd4 Ne7 7. Bxc6+ Nxc6 8.
Be3 O-O 9. Nc3 Ne5 10. h3 f5 11. Nf3 Bxe3 12. fxe3 Nxf3+ 13. Qxf3 fxe4 14. Qxe4
Qg5 15. Qd5+ Qxd5 16. Nxd5 c6 17. Ne7+ Kh8 18. Nxc8 Raxc8 19. O-O-O d5 20. b4
Rf2 21. g4 b6 22. h4 c5 23. b5 Rd8 24. Rhf1 Rdf8 25. Rxf2 Rxf2 26. Rxd5 Kg8 27.
Rd7 Re2 28. Rxa7 Rxe3 29. Ra6 Re6 30. Kd2 Kf7 31. Kd3 Kf6 32. g5+ Kf5 33. Ra7
Rg6 34. a4 Kg4 35. a5 Kxh4 36. a6 Rxg5 37. Rb7 Rd5+ 38. Kc3 g5 39. a7 Rf5 40.
a8=Q Rf3+ 41. Kb2 g4 42. Qg8 Kh3 43. Rxh7+ Kg3 44. Qb8+ Kf2 45. Rh2+ Kf1 46. Qe5
Rf2 47. Qg3 Rxh2 48. Qxh2 Ke1 49. c4 Kf1 50. Kc2 g3 51. Qxg3 Ke2 52. Qd3+ Kf2
53. Kd2 Kg2 54. Ke2 Kg1 55. Kf3 Kh1 56. Qf1+ Kh2 57. Qg2# 1-0

[Event "AUTO-OPEN-1845"]
[Site "http://www.queenalice.com/game.php?id=717612"]
[Date "2010.1.21"]
[Round "1"]
[White "OliverMeewes"]
[Black "carlosjvega"]
[Result "1-0"]
[WhiteElo "1946"]
[BlackElo "1834"]

1. e4 e5 2. Bc4 Bc5 3. d3 c6 4. Nf3 Qc7 5. Ng5 Nf6 6. Nxf7 d5 7. Nxh8 dxc4 8.
dxc4 Be6 9. Bg5 Nbd7 10. Nd2 O-O-O 11. Bxf6 Nxf6 12. Qe2 Rxh8 13. h3 g6 14. Nb3
Be7 15. a4 h5 16. a5 Nd7 17. Ra4 Nc5 18. Nxc5 Bxc5 19. b4 Be7 20. O-O g5 21. c5
a6 22. c4 g4 23. b5 cxb5 24. cxb5 Bxc5 25. bxa6 gxh3 26. g3 Kb8 27. axb7 Kxb7
28. Rb1+ Ka7 29. a6 Rb8 30. Rb7+ Rxb7 31. axb7+ 1-0

[Event "AUTO-OPEN-1845"]
[Site "http://www.queenalice.com/game.php?id=717613"]
[Date "2010.1.21"]
[Round "1"]
[White "carlosjvega"]
[Black "OliverMeewes"]
[Result "1-0"]
[WhiteElo "1822"]
[BlackElo "1904"]

1. e4 e5 2. Nf3 Nc6 3. b3 Bc5 4. Bb2 d6 5. Be2 h6 6. O-O Nf6 7. d3 Qe7 8. c3 Qe6
9. d4 exd4 10. cxd4 d5 11. dxc5 Qxe4 12. Nbd2 Qg6 13. Nh4 Qg5 14. Ndf3 Qh5 15.
Bxf6 gxf6 16. g3 Be6 17. Nd4 Qg5 18. Nxc6 bxc6 19. Nf3 Qg7 20. Qd3 a5 21. Rfe1
a4 22. b4 h5 23. b5 Qf8 24. Qd4 Rh6 25. bxc6 Ra5 26. Qb4 Ra8 27. Qb7 Rc8 28. Qb5
Rd8 29. Nd4 h4 30. Nxe6 fxe6 31. Qxa4 hxg3 32. hxg3 Qxc5 33. Qb5 Qxb5 34. Bxb5
Ke7 35. a4 Rb8 36. Ba6 e5 37. Bb7 e4 38. a5 Rbh8 39. Kf1 Rh1+ 40. Ke2 Rxe1+ 41.
Rxe1 d4 42. a6 d3+ 43. Ke3 d2 44. Rd1 1-0

[Event "AUTO-OPEN-1645"]
[Site "http://www.queenalice.com/game.php?id=727374"]
[Date "2010.2.6"]
[Round "2"]
[White "OliverMeewes"]
[Black "Jerick"]
[Result "0-1"]
[WhiteElo "1936"]
[BlackElo "2366"]

1. e4 c5 2. Bc4 Nc6 3. d3 e6 4. Nc3 Nf6 5. Be3 d5 6. Bb5 d4 7. Bxc6+ bxc6 8. e5
Nd7 9. Qf3 dxc3 10. bxc3 Nxe5 11. Qe4 Qd5 12. Qxd5 cxd5 13. d4 Nc4 14. Nf3 cxd4
15. Nxd4 Bd7 16. O-O Bd6 17. Rab1 a6 18. Nb3 Na3 19. Rbc1 Rc8 20. Bd2 Nb5 21.
Ra1 Nxc3 22. Bxc3 Rxc3 23. a4 Rxc2 24. Nd4 Rc4 25. Ne2 Be5 26. Rac1 Bxa4 27.
Rxc4 dxc4 28. Rc1 Bb3 29. Nc3 Ke7 30. g3 Rd8 31. Kg2 Bxc3 32. Rxc3 a5 33. Rc1
Rd1 34. Rxd1 Bxd1 35. Kf1 Bf3 0-1

[Event "AUTO-OPEN-1645"]
[Site "http://www.queenalice.com/game.php?id=727375"]
[Date "2010.2.6"]
[Round "2"]
[White "Jerick"]
[Black "OliverMeewes"]
[Result "1-0"]
[WhiteElo "2347"]
[BlackElo "1962"]

1. e4 e5 2. Nf3 d6 3. d4 Nf6 4. dxe5 Nxe4 5. Bb5+ Bd7 6. Bc4 Qe7 7. O-O dxe5 8.
Re1 Bc6 9. b4 a6 10. Ba3 Qf6 11. Nbd2 Nxd2 12. Nxe5 Ne4 13. Bxf7+ Ke7 14. b5+
Nd6 15. Nxc6+ Kxf7 16. Qd5+ Kg6 17. Ne5+ Kh5 18. g4+ Kh4 19. Nf3+ Kxg4 20. h3+
Kxh3 21. Qh5+ Qh4 22. Qxh4# 1-0

[Event "Let's Play Chess!"]
[Site "http://www.queenalice.com/game.php?id=763502"]
[Date "2010.4.22"]
[Round "-"]
[White "Xmen"]
[Black "OliverMeewes"]
[Result "1-0"]
[WhiteElo "1820"]
[BlackElo "1866"]

1. c4 e5 2. Nc3 Bc5 3. Nf3 d6 4. d4 exd4 5. Nxd4 Be6 6. Nxe6 fxe6 7. Ne4 Na6 8.
a3 d5 9. Nxc5 Nxc5 10. cxd5 Qxd5 11. Qxd5 exd5 12. Bf4 O-O-O 13. Rd1 Nf6 14. f3
a6 15. Bg5 h6 16. Bh4 g5 17. Bg3 Rh7 18. Be5 1-0

[Event "AUTO-ADV-1749"]
[Site "http://www.queenalice.com/game.php?id=769319"]
[Date "2010.5.2"]
[Round "1"]
[White "OliverMeewes"]
[Black "Thyba"]
[Result "0-1"]
[WhiteElo "1839"]
[BlackElo "1998"]

1. e4 c5 2. Bc4 Nc6 3. Nf3 d6 4. h3 Nf6 5. d3 g6 6. Nc3 Bg7 7. Be3 O-O 8. Qd2 a6
9. Bh6 b5 10. Bxg7 Kxg7 11. Bd5 Qc7 12. a3 Rb8 13. Bxc6 Qxc6 14. e5 dxe5 15. O-O
Bxh3 16. Qe2 Bg4 17. Nxe5 Bxe2 18. Nxc6 Bxf1 19. Nxb8 Rxb8 20. Kxf1 Rd8 21. Re1
e6 22. b4 cxb4 23. axb4 Rc8 24. Ne4 Nxe4 25. Rxe4 Rxc2 26. Rd4 Rb2 27. f4 h5 28.
Kg1 Kf6 29. Kh2 e5 30. Rd6+ Kf5 31. fxe5 Kxe5 32. Rxa6 Rxb4 33. g3 Rb2+ 34. Kh3
Rd2 35. Ra5 Rxd3 36. Rxb5+ Rd5 37. Rxd5+ Kxd5 38. Kh4 f6 39. g4 hxg4 40. Kxg4
Ke4 41. Kg3 f5 42. Kh4 f4 43. Kg4 Ke3 0-1

[Event "AUTO-ADV-1749"]
[Site "http://www.queenalice.com/game.php?id=769320"]
[Date "2010.5.2"]
[Round "1"]
[White "Thyba"]
[Black "OliverMeewes"]
[Result "1-0"]
[WhiteElo "1975"]
[BlackElo "1848"]

1. d4 d5 2. c4 dxc4 3. e3 b5 4. Nc3 a6 5. Qf3 Ra7 6. a4 b4 7. Bxc4 e6 8. Ne4 Bb7
9. Qf4 Bd6 10. Nxd6+ Qxd6 11. Qg5 g6 12. Nf3 Bxf3 13. gxf3 b3 14. Ke2 Rb7 15.
Ra3 Qc6 16. Bd3 Rb4 17. Bd2 Rb6 18. Rc1 Qd6 19. Ba5 Rc6 20. Rxb3 Nd7 21. Bb4 Qd5
22. Qxd5 exd5 23. Rxc6 Nb6 24. Rxc7 Nxa4 25. Bd6 1-0

[Event "AUTO-ADV-1749"]
[Site "http://www.queenalice.com/game.php?id=769323"]
[Date "2010.5.2"]
[Round "1"]
[White "OliverMeewes"]
[Black "luiz_gustavo"]
[Result "1-0"]
[WhiteElo "1854"]
[BlackElo "1666"]

1. e4 e5 2. Bc4 Nf6 3. Qf3 Bc5 4. d3 h6 5. h3 O-O 6. Qg3 Nc6 7. Bxh6 Nh5 8. Qg4
Bxf2+ 9. Kd2 Qf6 10. Qxh5 Qxh6+ 11. Qxh6 gxh6 12. Nf3 Kg7 13. Nc3 Na5 14. Raf1
Nxc4+ 15. dxc4 Bb6 16. Nxe5 d6 17. Ng4 Bxg4 18. hxg4 Bd4 19. Rf5 Rae8 20. Kd3 c5
21. g5 hxg5 22. Rxg5+ Kf6 23. Rf5+ Ke7 24. Nd5+ Kd8 25. Rh6 Be5 26. g4 Bxb2 27.
Rxd6+ Kc8 28. Nf6 Rd8 29. Rxc5+ Kb8 30. Nd7+ Ka8 31. Nxf8 Rxd6+ 32. Ke2 Rd8 33.
Nh7 Rh8 34. Ng5 f6 35. Nf7 Rf8 36. Rd5 a6 37. Nh6 Re8 38. Kf3 Ka7 39. c5 Rh8 40.
Nf5 Rh2 41. c4 Ba3 42. e5 fxe5 43. Rxe5 Rxa2 44. g5 Ra1 45. g6 Rg1 46. Ne7 a5
47. Kf4 Bc1+ 48. Kf5 Rf1+ 49. Ke6 Rg1 50. Kf7 Rf1+ 51. Kg8 a4 52. c6 1-0

[Event "AUTO-ADV-1749"]
[Site "http://www.queenalice.com/game.php?id=769324"]
[Date "2010.5.2"]
[Round "1"]
[White "luiz_gustavo"]
[Black "OliverMeewes"]
[Result "1-0"]
[WhiteElo "1677"]
[BlackElo "1862"]

1. e4 e5 2. Nf3 Nc6 3. Bb5 Nf6 4. O-O d6 5. Nc3 Bd7 6. d4 Bg4 7. h3 exd4 8. Nd5
Bxf3 9. Qxf3 h6 10. Nxf6+ Qxf6 11. Qxf6 gxf6 12. Rd1 O-O-O 13. Bxc6 bxc6 14.
Rxd4 d5 15. exd5 cxd5 16. b3 Re8 17. Rxd5 Re1+ 18. Kh2 Bd6+ 19. g3 Re2 20. Rd2
Be5 21. Rxe2 Bxa1 22. c4 h5 23. h4 Be5 24. Bb2 Rd8 25. Bxe5 fxe5 26. Rxe5 Rd2
27. Kg2 Rxa2 28. Rxh5 Rb2 29. Rb5 a6 30. Rb4 c5 31. Rb6 a5 32. Rc6+ Kd8 33. Rxc5
Rxb3 34. Rxa5 Rc3 35. Rf5 Ke7 36. c5 f6 37. h5 Kf7 38. h6 Kg6 39. g4 Kxh6 40.
Rxf6+ Kg5 41. Rf5+ Kxg4 42. Rd5 Kh4 43. Kf1 Kg4 44. Ke2 Kf4 45. Rd4+ Ke5 46. Rh4
Rxc5 47. Rh5+ Kd6 48. Rxc5 Kxc5 49. Ke3 Kd5 50. f3 Ke5 51. f4+ Kf5 52. Kf3 Kf6
53. Kg4 Kf7 54. f5 Kf8 55. Kg5 Kg8 56. f6 Kh8 57. Kf5 Kg8 58. Ke6 1-0

[Event "Challenge"]
[Site "http://www.queenalice.com/game.php?id=769407"]
[Date "2010.5.2"]
[Round "-"]
[White "ycalen"]
[Black "OliverMeewes"]
[Result "0-1"]
[WhiteElo "1819"]
[BlackElo "1853"]

1. e4 e5 2. Bc4 Nf6 3. d3 Bc5 4. Nf3 d6 5. O-O h6 6. h3 b6 7. c3 Ba6 8. Bd5 Nxd5
9. exd5 c6 10. dxc6 Nxc6 11. b4 Bxb4 12. cxb4 e4 13. dxe4 Bxf1 14. Qxf1 O-O 15.
a3 Ne5 16. Nd4 Rc8 17. Be3 d5 18. Nd2 Nc4 19. Nxc4 dxc4 20. Rd1 Qe8 21. Nb5 Qxb5
0-1

[Event "Xallenge"]
[Site "http://www.queenalice.com/game.php?id=775382"]
[Date "2010.5.14"]
[Round "-"]
[White "OliverMeewes"]
[Black "ycalen"]
[Result "1-0"]
[WhiteElo "1909"]
[BlackElo "1709"]

1. e4 e5 2. Bc4 Nf6 3. Qf3 Bc5 4. d3 O-O 5. Qg3 Ne8 6. Nf3 d6 7. h3 Nc6 8. Bg5
Nb4 9. Na3 Qd7 10. O-O-O b5 11. Bxb5 c6 12. Bc4 h6 13. Bxh6 a5 14. Nh4 d5 15.
exd5 cxd5 16. Bb5 Qe6 17. Nf5 Qxf5 18. Bxe8 Qh7 19. Be3 Bxe3+ 20. fxe3 Rxe8 21.
Rhf1 Rf8 22. Kb1 Nc6 23. d4 e4 24. Rf6 Qh5 25. Rc1 Ne7 26. Rb6 Nf5 27. Qe5 Be6
28. g4 Qxh3 29. gxf5 Bxf5 30. Rg1 Bg6 31. Qxd5 Rad8 32. Qg5 Qh7 33. Nc4 f6 34.
Qxg6 Qxg6 35. Rxg6 1-0

[Event "Challenge"]
[Site "http://www.queenalice.com/game.php?id=775911"]
[Date "2010.5.15"]
[Round "-"]
[White "jeudes2"]
[Black "OliverMeewes"]
[Result "0-1"]
[WhiteElo "1691"]
[BlackElo "1829"]

1. d4 d5 2. c4 h6 3. Nf3 dxc4 4. e3 b5 5. a4 c6 6. Nc3 Ba6 7. b3 e6 8. Be2 Bb4
9. Bd2 Bxc3 10. Bxc3 Qd5 11. bxc4 bxc4 12. O-O Nf6 13. Ne5 Nbd7 14. Bf3 Ne4 15.
Be1 Nxe5 16. dxe5 Qxd1 17. Rxd1 Ng5 18. Bxc6+ Kf8 19. Bc3 Rb8 20. Rb1 Rb3 21.
Rxb3 cxb3 22. Rd1 g6 23. f4 Nh7 24. Rd7 Kg7 25. Rxa7 Bd3 26. Rb7 Rc8 27. Rb6 Be4
28. Bxe4 Rxc3 29. a5 Rxe3 30. Bf3 Nf8 31. a6 Nd7 32. Rb4 Nc5 33. a7 Nd3 34. h3
Re1+ 35. Kh2 Ra1 36. a8=Q Rxa8 37. Bxa8 Nxb4 38. Kg1 Nd5 0-1

[Event "Challenge"]
[Site "http://www.queenalice.com/game.php?id=797365"]
[Date "2010.7.1"]
[Round "-"]
[White "Kingkila"]
[Black "OliverMeewes"]
[Result "0-1"]
[WhiteElo "1882"]
[BlackElo "1839"]

1. d4 d5 2. Bf4 Bg4 3. h3 Bh5 4. g4 Bg6 5. Nc3 e6 6. Nb5 Na6 7. Qd2 Bb4 8. c3
Ba5 9. e3 c6 10. Nd6+ Kf8 11. Nxb7 Qb6 12. Nd6 Nb4 13. a3 Nc2+ 14. Qxc2 Bxc2 15.
Ra2 Bb3 16. Ra1 a6 17. Bd3 Bc2 18. b4 Bxd3 19. Kd2 Be4 20. f3 Bg6 21. Ne2 Nf6
22. h4 h5 23. g5 Ne8 24. Nxe8 Rxe8 25. Bd6+ Kg8 26. Rab1 Qb5 27. bxa5 Bxb1 28.
Nf4 Qb2+ 0-1

[Event "AUTO-OPEN-1845"]
[Site "http://www.queenalice.com/game.php?id=812946"]
[Date "2010.8.4"]
[Round "2"]
[White "OliverMeewes"]
[Black "stan"]
[Result "0-1"]
[WhiteElo "1857"]
[BlackElo "2420"]

1. e4 Nc6 2. Nf3 f5 3. exf5 d5 4. g4 h5 5. Bh3 hxg4 6. Bxg4 Nf6 7. Rg1 g6 8. Ng5
Nxg4 9. Ne6 Bxe6 10. fxe6 Nxh2 11. d3 Qd6 12. Rxg6 Nd4 13. Rh6 Nhf3+ 14. Kf1
Bxh6 15. Kg2 Qh2+ 16. Kf1 Qg1# 0-1

[Event "AUTO-OPEN-1845"]
[Site "http://www.queenalice.com/game.php?id=812947"]
[Date "2010.8.4"]
[Round "2"]
[White "stan"]
[Black "OliverMeewes"]
[Result "1-0"]
[WhiteElo "2419"]
[BlackElo "1866"]

1. e4 e5 2. Bc4 Nf6 3. d4 Bd6 4. dxe5 Bxe5 5. f4 Bxf4 6. Bxf4 d6 7. Nf3 O-O 8.
Nc3 h6 9. e5 dxe5 10. Nxe5 Qe7 11. Qe2 Bg4 12. Nxg4 Qxe2+ 13. Bxe2 Re8 14. Nxf6+
gxf6 15. O-O-O c6 16. Bh5 Na6 17. Rd7 Rf8 18. Bxh6 Kh7 19. Bxf8 Rxf8 20. Bxf7
Nc5 21. Rc7 Kg7 22. Bc4+ Kh6 23. b4 b5 24. Rxc6 Nd7 25. Bxb5 Ne5 26. Rd6 Rb8 27.
Rxf6+ Kg7 28. Rhf1 Rb6 29. Rxb6 axb6 30. h3 Kg6 31. Ne4 Kg7 32. Rf5 Nf7 33.
Rxf7+ Kxf7 34. g4 Ke6 35. h4 Ke5 36. Bc6 b5 37. h5 Ke6 38. g5 Kf7 39. Bxb5 Kg7
40. Bc4 Kh7 41. Kd2 1-0